Role of the designer in the safety of maintenance operations (Record no. 96166)

MARC details
000 -LEADER
fixed length control field 00561cam a2200205 4500
001 - CONTROL NUMBER
control field D4063
008 - FIXED-LENGTH DATA ELEMENTS--GENERAL INFORMATION
fixed length control field 090401t1984 xxu||||| |||| 00| 0 eng d
035 ## - SYSTEM CONTROL NUMBER
System control number (Sirsi) u76389
041 ## - LANGUAGE CODE
Language code of text/sound track or separate title eng
050 ## - LIBRARY OF CONGRESS CALL NUMBER
Classification number 690.22
100 ## - MAIN ENTRY--PERSONAL NAME
Personal name Gifford, A.P.
245 ## - TITLE STATEMENT
Title Role of the designer in the safety of maintenance operations
260 ## - PUBLICATION, DISTRIBUTION, ETC.
Place of publication, distribution, etc. Ascot, Berks
Name of publisher, distributor, etc. Chartered Institute of Building
Date of publication, distribution, etc. 1984
300 ## - PHYSICAL DESCRIPTION
Extent 7p. ill. 30cm
350 ## - PRICE (NR) (BK AM CF MU VM SE) [OBSOLETE]
Price 0
490 ## - SERIES STATEMENT
Series statement Technical Information Service
-- Maintenance
Volume/sequential designation 42
520 ## - SUMMARY, ETC.
Summary, etc. Caption title
942 ## - ADDED ENTRY ELEMENTS (KOHA)
Suppress in OPAC 0
948 ## - LOCAL PROCESSING INFORMATION (OCLC); SERIES PART DESIGNATOR (RLIN)
c (OCLC) 04/03/1997
Holdings
Withdrawn status Lost status Source of classification or shelving scheme Damaged status Not for loan Home library Current library Shelving location Date acquired Total Checkouts Full call number Barcode Date last seen Copy number Price effective from Koha item type
    Dewey Decimal Classification     London London Boxed set 07/12/1992   BOXED SET 30030976 06/08/2019 1 06/08/2019 Book